000 00461nam a2200169 i 4500
001 119071
003 ES-MaACL
005 20250804062615.0
007 t|
008 070214s1972 sp |||| | spa d
100 1 _aPérez Galdós, Benito,
_d1843-1920
_990871
245 1 3 _aEl audaz
_b: novela /
_cBenito Pérez Galdós.
260 _aBarcelona :
_bAndorra,
_c1972.
300 _a416 p. ;
_c21 cm.
852 _aES-MaACL
_jC-43387
999 _c119071
_d119071